Liberia : Interim Poverty Reduction Strategy Paper; Joint Staff Advisory Note.

This Joint Staff Advisory Note discusses the Interim Poverty Reduction Strategy Paper (I-PRSP) for Liberia. The I-PRSP traces the roots of conflict to Liberia's exclusion and marginalization of much of the population, and lays out a broad vision and program for July 2006-June 2008. It aims to c...

תיאור מלא

מידע ביבליוגרפי
מחבר תאגידי: International Monetary Fund
פורמט: כתב-עת
שפה:English
יצא לאור: Washington, D.C. : International Monetary Fund, 2007.
סדרה:IMF Staff Country Reports; Country Report ; No. 2007/313
גישה מקוונת:Full text available on IMF
LEADER 01618cas a2200241 a 4500
001 AALejournalIMF009571
008 230101c9999 xx r poo 0 0eng d
020 |c 5.00 USD 
020 |z 9781451822939 
022 |a 1934-7685 
040 |a BD-DhAAL  |c BD-DhAAL 
110 2 |a International Monetary Fund. 
245 1 0 |a Liberia :   |b Interim Poverty Reduction Strategy Paper; Joint Staff Advisory Note. 
264 1 |a Washington, D.C. :  |b International Monetary Fund,  |c 2007. 
300 |a 1 online resource (12 pages) 
490 1 |a IMF Staff Country Reports 
500 |a <strong>Off-Campus Access:</strong> No User ID or Password Required 
500 |a <strong>On-Campus Access:</strong> No User ID or Password Required 
506 |a Electronic access restricted to authorized BRAC University faculty, staff and students 
520 3 |a This Joint Staff Advisory Note discusses the Interim Poverty Reduction Strategy Paper (I-PRSP) for Liberia. The I-PRSP traces the roots of conflict to Liberia's exclusion and marginalization of much of the population, and lays out a broad vision and program for July 2006-June 2008. It aims to consolidate peace, enhance justice, deepen democracy, ensure food security, promote human development, and steer the nation toward sustainable growth and development. The strategy reflects the many consultations the authorities held with other stakeholders. 
538 |a Mode of access: Internet 
830 0 |a IMF Staff Country Reports; Country Report ;  |v No. 2007/313 
856 4 0 |z Full text available on IMF  |u http://elibrary.imf.org/view/journals/002/2007/313/002.2007.issue-313-en.xml  |z IMF e-Library